The Discounted VC Method As a Selected Indicator of the Performance of a Selected Company

Gespeichert in:
Bibliographische Detailangaben
1. Verfasser: Barkóciová, Miroslava, 1996-
Format: Buchkapitel
Sprache:Englisch
Schlagworte:
Tags: Tag hinzufügen
Keine Tags, Fügen Sie das erste Tag hinzu!

MARC

LEADER 00000naa$a2200000$$$4500
001 0290287
005 20240502074446.5
041 0 |a eng 
044 |a SK 
245 1 0 |a The Discounted VC Method As a Selected Indicator of the Performance of a Selected Company  |c Miroslava Barkóciová 
500 |a Abstrakt 
610 2 0 |a investície 
610 2 0 |a prognózovanie 
610 2 0 |a výkonnosť podniku 
100 1 |a Barkóciová, Miroslava, 1996-